[Event "POL-ch Universities"]
[Site "Bydgoszcz"]
[Date "2023.03.11"]
[Round "8"]
[White "Walter, Szymon"]
[Black "Kowalec, Maciej"]
[Result "1/2-1/2"]
[WhiteElo "2323"]
[BlackElo "2133"]
[PlyCount "108"]
[EventDate "2023.03.10"]
[EventType "swiss"]
[EventRounds "9"]
[EventCountry "POL"]
[SourceTitle "CBM 213 Extra"]
[Source "ChessBase"]
[SourceDate "2023.05.31"]
[SourceVersion "1"]
[SourceVersionDate "2023.05.31"]
[SourceQuality "1"]

1. e4 e6 2. d4 d5 3. Nc3 Bb4 4. e5 c5 5. a3 Bxc3+ 6. bxc3 Ne7 7. h4 Qc7 8. h5 h6 9. Nf3 Nbc6 10. Bd3 Bd7 11. Rb1 cxd4 12. cxd4 Nxd4 13. Nxd4 Qc3+ 14. Kf1 Qxd4 15. Rxb7 Qxe5 16. Bb2 Qg5 17. Qe2 d4 18. Qe4 Rc8 19. f4 Qg4 20. Qf3 Qxf3+ 21. gxf3 Bc6 22. Rxa7 Bxf3 23. Rg1 Nc6 24. Bb5 Rg8 25. Bxd4 Rb8 26. Bxc6+ Bxc6 27. Rxg7 Rxg7 28. Bxg7 Bf3 29. Ra5 Kd7 30. Kf2 Bd1 31. c4 Rb3 32. Bxh6 Rh3 33. Bg5 Bxh5 34. a4 Rf3+ 35. Kg2 Rc3 36. c5 Kc6 37. Be7 Bd1 38. Bd6 Rc4 39. Ra6+ Kd5 40. a5 Ke4 41. Ra7 Bf3+ 42. Kg3 f5 43. a6 Rc3 44. Kh4 Bg4 45. Re7 Kd5 46. a7 Ra3 47. Kg5 Kc4 48. Kf6 Kd5 49. Rc7 Bf3 50. Be5 Ra6 51. Rd7+ Kxc5 52. Bd4+ Kc6 53. Rd8 Kc7 54. Rb8 Kc6 1/2-1/2

[Event "POL-chT 2nd League"]
[Site "Jastrzebia Gora"]
[Date "2022.09.05"]
[Round "3.73"]
[White "Mika, Tomasz1111"]
[Black "Kowalec, Maciej"]
[Result "1-0"]
[WhiteElo "2157"]
[BlackElo "2098"]
[PlyCount "81"]
[EventDate "2022.09.03"]
[EventType "team-swiss"]
[EventRounds "9"]
[EventCountry "POL"]
[SourceTitle "CBM 210 Extra"]
[Source "ChessBase"]
[SourceDate "2022.11.30"]
[SourceVersion "1"]
[SourceVersionDate "2022.11.30"]
[SourceQuality "1"]
[WhiteTeam "Pilzno GKSz Hetman"]
[BlackTeam "Bialoleka Sparta"]
[WhiteTeamCountry "POL"]
[BlackTeamCountry "POL"]

1. e4 e6 2. d4 d5 3. Bd3 c5 4. exd5 exd5 5. Nf3 c4 6. Be2 Nc6 7. 0-0 Bd6 8. b3 cxb3 9. axb3 Nge7 10. c4 0-0 11. Nc3 Bg4 12. Be3 a6 13. Qd2 Rc8 14. c5 Bb8 15. h3 Bh5 16. Bf4 Qd7 17. Rfe1 f6 18. Rab1 Bxf4 19. Qxf4 g5 20. Qd2 Bg6 21. Rb2 Kg7 22. b4 h5 23. b5 axb5 24. Nxb5 Nf5 25. Bd3 Rb8 26. Bxf5 Bxf5 27. Nd6 Bg6 28. Rb6 g4 29. hxg4 Qxg4 30. Qb2 h4 31. Rxb7+ Kg8 32. Rxb8 Rxb8 33. Qe2 Nxd4 34. Nxd4 Qxd4 35. c6 Qc3 36. Qe6+ Kg7 37. Qe7+ Kg8 38. c7 Ra8 39. c8Q+ Rxc8 40. Qe6+ Kg7 41. Nxc8 1-0

[Event "POL-chT 2nd League"]
[Site "Sypniewo"]
[Date "2021.09.11"]
[Round "8.11"]
[White "Kowalec, Maciej"]
[Black "Kukula, Pawel"]
[Result "0-1"]
[WhiteElo "2070"]
[BlackElo "2121"]
[PlyCount "62"]
[EventDate "2021.09.04"]
[EventType "team-swiss"]
[EventRounds "9"]
[EventCountry "POL"]
[SourceTitle "CBM 204 Extra"]
[Source "ChessBase"]
[SourceDate "2021.11.30"]
[SourceVersion "1"]
[SourceVersionDate "2021.11.30"]
[SourceQuality "1"]
[WhiteTeam "Bialoleka Sparta"]
[BlackTeam "Grudziadz Rotmistrz"]
[WhiteTeamCountry "POL"]
[BlackTeamCountry "POL"]

1. c4 Nf6 2. Nc3 g6 3. g3 Bg7 4. Bg2 0-0 5. Nf3 d6 6. 0-0 e5 7. d3 Nc6 8. Rb1 a5 9. a3 Re8 10. b4 axb4 11. axb4 h6 12. b5 Ne7 13. Qb3 Be6 14. Bb2 Qd7 15. Ra1 Rab8 16. Rfd1 Bh3 17. Bh1 Nh5 18. d4 exd4 19. Nxd4 c6 20. e3 Nf6 21. Ba3 Rbd8 22. bxc6 bxc6 23. Nxc6 Nxc6 24. Rxd6 Na5 25. Qd1 Qc8 26. Qa4 Rxd6 27. Bxd6 Nxc4 28. Nb5 Bd7 29. Rc1 Bxb5 30. Qxb5 Nxd6 31. Rxc8 Nxb5 0-1

[Event "Split op 10th"]
[Site "Split"]
[Date "2021.08.06"]
[Round "8"]
[White "Berke, Ana"]
[Black "Kowalec, Maciej"]
[Result "1/2-1/2"]
[WhiteElo "2179"]
[BlackElo "2063"]
[PlyCount "145"]
[EventDate "2021.07.31"]
[EventType "swiss"]
[EventRounds "9"]
[EventCountry "CRO"]
[SourceTitle "CBM 203 Extra"]
[Source "ChessBase"]
[SourceDate "2021.09.30"]
[SourceVersion "1"]
[SourceVersionDate "2021.09.30"]
[SourceQuality "1"]

1. e4 e6 2. d4 d5 3. Nd2 c5 4. exd5 Qxd5 5. Ngf3 cxd4 6. Bc4 Qd7 7. 0-0 Nc6 8. Nb3 Nf6 9. Nbxd4 Nxd4 10. Nxd4 a6 11. a4 Qc7 12. Qe2 Bd6 13. Kh1 0-0 14. Bg5 Be5 15. c3 h6 16. Bh4 Bxd4 17. cxd4 Nd5 18. Rac1 Qb6 19. f4 Qxd4 20. Bf2 Qf6 21. Qe4 Qg6 22. Qf3 Bd7 23. Bd3 f5 24. Bd4 Bxa4 25. Rce1 Bc6 26. Qe2 Rfe8 27. Bc4 Qg4 28. Qxg4 fxg4 29. Re5 g6 30. Kg1 Bb5 31. Bxd5 exd5 32. Rfe1 Kf7 33. Kf2 Rxe5 34. Rxe5 Re8 35. g3 Rxe5 36. Bxe5 Ke6 37. Ke3 Kd7 38. Kd4 Kc6 39. Bg7 h5 40. Bf8 Be2 41. Be7 Bf3 42. Bf8 Kb5 43. Kc3 a5 44. Be7 Bd1 45. Bd8 d4+ 46. Kxd4 Kb4 47. Kd3 a4 48. Kd2 Bf3 49. Bb6 Kb3 50. Kc1 Be4 51. Bd8 b5 52. Be7 Bf5 53. Bf8 h4 54. Be7 h3 55. Bf8 Kc4 56. Kd2 Kd4 57. Bg7+ Ke4 58. Bf8 Kf3 59. Bd6 Be6 60. Be7 Bc4 61. Bf8 Kg2 62. Ke1 Kf3 63. Kd2 Be6 64. Be7 Ke4 65. Bf8 Bf5 66. Be7 Kd4 67. Bf8 Kc4 68. Be7 b4 69. Bf8 Kb3 70. Kc1 a3 71. bxa3 bxa3 72. Bg7 Kc4 73. Kd2 1/2-1/2

[Event "FIDE World Uni Blitz-B 1st"]
[Site "Tornelo INT"]
[Date "2021.03.13"]
[Round "10.23"]
[White "Ghevondyan, Arman"]
[Black "Kowalec, Maciej"]
[Result "1-0"]
[WhiteElo "1895"]
[BlackElo "2123"]
[PlyCount "59"]
[EventDate "2021.03.13"]
[EventType "swiss (blitz)"]
[EventRounds "10"]
[EventCountry "NET"]
[SourceTitle "EXT 2022"]
[Source "ChessBase"]
[SourceDate "2021.10.06"]
[SourceVersion "1"]
[SourceVersionDate "2021.10.06"]
[SourceQuality "1"]

1. Nf3 c5 2. g3 Nc6 3. d4 cxd4 4. Nxd4 e5 5. Nxc6 bxc6 6. Bg2 d5 7. 0-0 Be6 8. c4 Nf6 9. cxd5 cxd5 10. Nc3 Be7 11. Bg5 e4 12. Qa4+ Qd7 13. Qxd7+ Nxd7 14. Bxe7 Kxe7 15. Rfd1 Nb6 16. Rac1 Rac8 17. Nb5 a6 18. Nd4 Rhd8 19. Nc6+ Kf6 20. Nxd8 Rxd8 21. Bxe4 Ke5 22. Bd3 a5 23. Rc6 Na4 24. b3 Nb2 25. Rd2 Nxd3 26. Rxd3 g5 27. f3 Rb8 28. Kf2 f5 29. Re3+ Kd4 30. Rexe6 1-0

[Event "FIDE World Uni Blitz-B 1st"]
[Site "Tornelo INT"]
[Date "2021.03.13"]
[Round "6.12"]
[White "Smirnov, Timofey"]
[Black "Kowalec, Maciej"]
[Result "1-0"]
[WhiteElo "2420"]
[BlackElo "2123"]
[PlyCount "79"]
[EventDate "2021.03.13"]
[EventType "swiss (blitz)"]
[EventRounds "10"]
[EventCountry "NET"]
[SourceTitle "EXT 2022"]
[Source "ChessBase"]
[SourceDate "2021.10.06"]
[SourceVersion "1"]
[SourceVersionDate "2021.10.06"]
[SourceQuality "1"]

1. e4 e5 2. Nf3 Nc6 3. Bc4 Bc5 4. c3 d6 5. d4 exd4 6. cxd4 Bb4+ 7. Bd2 Nf6 8. Bxb4 Nxb4 9. Qb3 Nc6 10. Bxf7+ Ke7 11. Bd5 Re8 12. 0-0 Kf8 13. Nbd2 Na5 14. Qd3 c6 15. Bb3 Nxb3 16. axb3 Bg4 17. Rfe1 Qb6 18. h3 Bh5 19. e5 Bg6 20. Qc4 d5 21. Qc3 Ne4 22. Nxe4 Bxe4 23. Ng5 h6 24. Nxe4 dxe4 25. Rxe4 Rad8 26. Rae1 Kg8 27. e6 Re7 28. Qe3 Rde8 29. Re5 Qb4 30. f4 b6 31. f5 Kf8 32. f6 gxf6 33. Qxh6+ Rg7 34. Qxf6+ Kg8 35. R1e4 Qd2 36. Rg4 Ree7 37. Qxe7 Qc1+ 38. Kh2 Rxg4 39. Qf7+ Kh8 40. Rh5+ 1-0

[Event "POL-ch Academic"]
[Site "Katowice"]
[Date "2020.11.14"]
[Round "8"]
[White "Kanicki, Krzysztof"]
[Black "Kowalec, Maciej"]
[Result "1-0"]
[WhiteElo "2136"]
[BlackElo "2109"]
[PlyCount "85"]
[EventDate "2020.11.13"]
[EventType "swiss (rapid)"]
[EventRounds "9"]
[EventCountry "POL"]
[SourceTitle "CBM 199 Extra"]
[Source "ChessBase"]
[SourceDate "2021.01.31"]
[SourceVersion "1"]
[SourceVersionDate "2021.01.31"]
[SourceQuality "1"]

1. e4 e6 2. d4 d5 3. Nd2 c5 4. exd5 exd5 5. Ngf3 Nc6 6. Bb5 Qe7+ 7. Qe2 Qxe2+ 8. Kxe2 Bd7 9. Re1 c4 10. Kf1+ Be7 11. b3 cxb3 12. axb3 f6 13. Ba3 Kf7 14. c4 a6 15. Ba4 Bxa3 16. Rxa3 Nge7 17. c5 Bf5 18. Re3 Nb4 19. Ne1 Nec6 20. Ndf3 Rhe8 21. Ke2 g5 22. Bxc6 Nxc6 23. Ra4 Re4 24. Nc2 Rae8 25. Nd2 R4e7 26. Rxe7+ Rxe7+ 27. Ne3 Bd7 28. Kd1 Ke6 29. g4 h5 30. h3 hxg4 31. hxg4 Rh7 32. Nf5 Ne7 33. Rb4 Nxf5 34. gxf5+ Kxf5 35. Rxb7 Kf4 36. Kc1 Rh1+ 37. Kb2 Bb5 38. Rb6 Rh2 39. Rxf6+ Kg4 40. c6 Rh7 41. Rd6 Rf7 42. Kc3 Rxf2 43. c7 1-0

[Event "POL-chT Academic"]
[Site "Katowice"]
[Date "2020.11.14"]
[Round "4.11"]
[White "Parol, Pola"]
[Black "Kowalec, Maciej"]
[Result "1/2-1/2"]
[WhiteElo "2069"]
[BlackElo "2109"]
[PlyCount "24"]
[EventDate "2020.11.14"]
[EventType "team-swiss (rapid)"]
[EventRounds "9"]
[EventCountry "POL"]
[SourceTitle "CBM 199 Extra"]
[Source "ChessBase"]
[SourceDate "2021.01.31"]
[SourceVersion "1"]
[SourceVersionDate "2021.01.31"]
[SourceQuality "1"]
[WhiteTeam "Warszawa Univ"]
[BlackTeam "Warszawa Kozminskiego Akad"]
[WhiteTeamCountry "POL"]
[BlackTeamCountry "POL"]

1. e4 e6 2. d4 d5 3. Nd2 c5 4. exd5 exd5 5. Ngf3 Nc6 6. Bb5 Qe7+ 7. Qe2 Qxe2+ 8. Bxe2 Nf6 9. c3 cxd4 10. Nxd4 Nxd4 11. cxd4 Bb4 12. 0-0 0-0 1/2-1/2

[Event "POL-ch Academic"]
[Site "Katowice"]
[Date "2020.11.13"]
[Round "2"]
[White "Kowalec, Maciej"]
[Black "Kaczmarek, Aleksander"]
[Result "1/2-1/2"]
[WhiteElo "2109"]
[BlackElo "2371"]
[PlyCount "142"]
[EventDate "2020.11.13"]
[EventType "swiss (rapid)"]
[EventRounds "9"]
[EventCountry "POL"]
[SourceTitle "CBM 199 Extra"]
[Source "ChessBase"]
[SourceDate "2021.01.31"]
[SourceVersion "1"]
[SourceVersionDate "2021.01.31"]
[SourceQuality "1"]

1. d4 c5 2. e3 cxd4 3. exd4 d5 4. Nf3 Nc6 5. c3 Qc7 6. Bd3 Bg4 7. a4 e6 8. h3 Bxf3 9. gxf3 Nf6 10. Be3 Bd6 11. Na3 a6 12. Rg1 g6 13. Bh6 Nh5 14. Nc2 Bf4 15. Bxf4 Qxf4 16. Qe2 0-0 17. Qe3 e5 18. Rg4 Qxe3+ 19. fxe3 f5 20. Rg5 Rae8 21. Kf2 f4 22. e4 dxe4 23. Bxe4 exd4 24. Nxd4 Nxd4 25. cxd4 Ng3 26. Re1 b6 27. Rg4 Kg7 28. Bc6 Rxe1 29. Kxe1 h5 30. Rg5 Rc8 31. d5 Kf6 32. h4 a5 33. Kd2 Nf5 34. Bd7 Rd8 35. Bxf5 gxf5 36. Rxh5 Rxd5+ 37. Ke2 b5 38. Rh6+ Kg7 39. Ra6 bxa4 40. h5 Rb5 41. Kf1 Rxb2 42. Rxa5 Rb3 43. Rxa4 Rxf3+ 44. Kg2 Rg3+ 45. Kf2 Rg4 46. Kf3 Rg3+ 47. Kf2 Kf6 48. Rxf4 Rh3 49. Ra4 Rxh5 50. Kg3 Kg5 51. Ra8 Rh1 52. Rg8+ Kf6 53. Ra8 Rg1+ 54. Kf2 Rc1 55. Kf3 Rc3+ 56. Kf4 Rc4+ 57. Kf3 Ke5 58. Ra5+ Ke6 59. Ra6+ Ke5 60. Ra5+ Kf6 61. Ra8 Rb4 62. Rc8 Ke5 63. Rc5+ Ke6 64. Rc8 Kd5 65. Ra8 Ke6 66. Ra6+ Ke5 67. Ra5+ Kf6 68. Ra8 Rb3+ 69. Kf4 Rb4+ 70. Kf3 Rb3+ 71. Kf4 Rb4+ 1/2-1/2

[Event "POL-chT 2nd League"]
[Site "Poronin"]
[Date "2020.09.11"]
[Round "7.9"]
[White "Warchol, Bartosz"]
[Black "Kowalec, Maciej"]
[Result "1-0"]
[WhiteElo "2025"]
[BlackElo "2092"]
[PlyCount "87"]
[EventDate "2020.09.05"]
[EventType "team-swiss"]
[EventRounds "9"]
[EventCountry "POL"]
[SourceTitle "CBM 198 Extra"]
[Source "ChessBase"]
[SourceDate "2020.11.30"]
[SourceVersion "1"]
[SourceVersionDate "2020.11.30"]
[SourceQuality "1"]
[WhiteTeam "Krakow Klub Szachistow"]
[BlackTeam "Minsk Mazowiecki MTSz"]
[WhiteTeamCountry "POL"]
[BlackTeamCountry "POL"]

1. d4 d5 2. c4 c6 3. Nf3 Nf6 4. Nc3 e6 5. e3 Nbd7 6. Qc2 Bd6 7. Bd3 dxc4 8. Bxc4 0-0 9. 0-0 Qe7 10. Rd1 e5 11. e4 b5 12. Bb3 Bb7 13. d5 Nc5 14. Bg5 b4 15. dxc6 Bxc6 16. Nd5 Bxd5 17. Rxd5 Rac8 18. Bxf6 Qxf6 19. Rad1 Rfd8 20. Qc4 Ne6 21. Qf1 Nf4 22. R5d2 h6 23. Qa6 Be7 24. Rxd8+ Rxd8 25. Rxd8+ Bxd8 26. Qxa7 Bb6 27. Qb8+ Kh7 28. Qf8 Qg6 29. Ne1 Nh3+ 30. Kf1 Bxf2 31. Qxf7 Qxf7 32. Bxf7 Bxe1 33. Kxe1 Nf4 34. g3 Nd3+ 35. Kd2 Nc5 36. Bd5 Kg6 37. a3 bxa3 38. bxa3 Kf6 39. Kc3 Ke7 40. Kc4 Kd6 41. Kb5 Nd7 42. a4 Kc7 43. a5 Kb8 44. Bc6 1-0

[Event "UT RGV-Kozminski Univ Online Battle"]
[Site "chess24.com INT"]
[Date "2020.06.13"]
[Round "4.5"]
[White "Ynojosa Aponte, Felix Jose"]
[Black "Kowalec, Maciej"]
[Result "1-0"]
[WhiteElo "2393"]
[BlackElo "2092"]
[PlyCount "117"]
[EventDate "2020.06.13"]
[EventType "team-match (rapid)"]
[EventRounds "8"]
[EventCountry "USA"]
[SourceTitle "CBM 196 Extra"]
[Source "ChessBase"]
[SourceDate "2020.07.31"]
[SourceVersion "1"]
[SourceVersionDate "2020.07.31"]
[SourceQuality "1"]
[WhiteTeam "Texas Rio Grande Valley Univ"]
[BlackTeam "Kozminski Univ"]
[WhiteTeamCountry "USA"]
[BlackTeamCountry "POL"]

1. e4 e6 2. c4 d5 3. cxd5 exd5 4. exd5 Nf6 5. Bb5+ Bd7 6. Be2 Bd6 7. Nc3 0-0 8. Nf3 Bg4 9. 0-0 Nbd7 10. d4 Nb6 11. h3 Bh5 12. Bg5 h6 13. Bh4 g5 14. Bg3 Nbxd5 15. Ne5 Bxe2 16. Qxe2 c6 17. Qf3 Kg7 18. h4 Nxc3 19. bxc3 Nh7 20. hxg5 Nxg5 21. Qd3 Bxe5 22. Bxe5+ f6 23. Bf4 Re8 24. f3 Qd5 25. c4 Qf7 26. d5 cxd5 27. cxd5 Rad8 28. Rfd1 Qg6 29. Qxg6+ Kxg6 30. Rac1 Rd7 31. Rd3 Nf7 32. Kf2 Red8 33. d6 Nxd6 34. Ra3 a6 35. g4 Nb5 36. Rb3 Rd3 37. Rxd3 Rxd3 38. Rh1 Ra3 39. Rxh6+ Kg7 40. g5 Rxa2+ 41. Kg3 fxg5 42. Bxg5 Nc3 43. Rb6 Ne2+ 44. Kg4 Ra4+ 45. f4 a5 46. Rxb7+ Kg8 47. Kf5 Rb4 48. Re7 Nd4+ 49. Kg6 Kf8 50. Rh7 Rb6+ 51. Bf6 Ke8 52. Rh8+ Kd7 53. Rd8+ Kc7 54. Rxd4 Ra6 55. f5 a4 56. Rd1 a3 57. Kg5 a2 58. Be5+ Kc8 59. f6 1-0

[Event "POL-chT 2nd League"]
[Site "Jastrzebia Gora"]
[Date "2019.09.13"]
[Round "7.15"]
[White "Bielczyk, Jacek"]
[Black "Kowalec, Maciej"]
[Result "1/2-1/2"]
[WhiteElo "2279"]
[BlackElo "2054"]
[PlyCount "60"]
[EventDate "2019.09.07"]
[EventType "team-swiss"]
[EventRounds "9"]
[EventCountry "POL"]
[SourceTitle "EXT 2020"]
[Source "ChessBase"]
[SourceDate "2019.10.17"]
[SourceVersion "1"]
[SourceVersionDate "2019.10.17"]
[SourceQuality "1"]
[WhiteTeam "Chrzanow Olimpijczyk"]
[BlackTeam "Minsk Mazowiecki MTSz"]
[WhiteTeamCountry "POL"]
[BlackTeamCountry "POL"]

1. e4 e6 2. d4 d5 3. Nc3 Bb4 4. Nge2 dxe4 5. a3 Bxc3+ 6. Nxc3 e5 7. Be3 exd4 8. Qxd4 Qxd4 9. Bxd4 f6 10. Nxe4 Nc6 11. Bc3 Bf5 12. Bd3 Nge7 13. 0-0-0 0-0-0 14. Rhe1 b6 15. h3 Bg6 16. f4 h5 17. Ba6+ Kb8 18. Rxd8+ Rxd8 19. g4 hxg4 20. hxg4 Nd5 21. Bd2 f5 22. gxf5 Bxf5 23. Ng3 Bc8 24. Bxc8 Kxc8 25. c4 Nf6 26. Bc3 Rd3 27. Ne4 Nxe4 28. Rxe4 Rd7 29. f5 Rf7 30. Rg4 Rxf5 1/2-1/2

[Event "POL-chT 2nd League"]
[Site "Jastrzebia Gora"]
[Date "2019.09.11"]
[Round "5.9"]
[White "Kowalec, Maciej"]
[Black "Kowalak, Piotr"]
[Result "1/2-1/2"]
[WhiteElo "2054"]
[BlackElo "2108"]
[PlyCount "43"]
[EventDate "2019.09.07"]
[EventType "team-swiss"]
[EventRounds "9"]
[EventCountry "POL"]
[SourceTitle "EXT 2020"]
[Source "ChessBase"]
[SourceDate "2019.10.17"]
[SourceVersion "1"]
[SourceVersionDate "2019.10.17"]
[SourceQuality "1"]
[WhiteTeam "Minsk Mazowiecki MTSz"]
[BlackTeam "Legnica Miedz"]
[WhiteTeamCountry "POL"]
[BlackTeamCountry "POL"]

1. d4 Nf6 2. Bg5 d5 3. Nd2 Nbd7 4. e3 e6 5. Bd3 Be7 6. c3 e5 7. Rc1 0-0 8. Bb1 c5 9. dxe5 Nxe5 10. Ngf3 Nxf3+ 11. Nxf3 Be6 12. Bxf6 Bxf6 13. 0-0 g6 14. b4 b6 15. Qa4 Qc7 16. Bd3 Rfd8 17. h3 Rac8 18. Ba6 Rb8 19. Bb5 Rbc8 20. Ba6 Rb8 21. Bb5 Rbc8 22. Ba6 1/2-1/2

[Event "POL-chT 2nd League"]
[Site "Jastrzebia Gora"]
[Date "2019.09.07"]
[Round "1.7"]
[White "Punin, Andrii"]
[Black "Kowalec, Maciej"]
[Result "0-1"]
[WhiteElo "2325"]
[BlackElo "2054"]
[PlyCount "120"]
[EventDate "2019.09.07"]
[EventType "team-swiss"]
[EventRounds "9"]
[EventCountry "POL"]
[SourceTitle "EXT 2020"]
[Source "ChessBase"]
[SourceDate "2019.10.17"]
[SourceVersion "1"]
[SourceVersionDate "2019.10.17"]
[SourceQuality "1"]
[WhiteTeam "Rodlo Opole"]
[BlackTeam "Minsk Mazowiecki MTSz"]
[WhiteTeamCountry "POL"]
[BlackTeamCountry "POL"]

1. e4 e6 2. d4 d5 3. Nc3 Bb4 4. e5 c5 5. a3 Bxc3+ 6. bxc3 Ne7 7. Qg4 Qc7 8. Qxg7 Rg8 9. Qxh7 cxd4 10. Ne2 Nbc6 11. f4 Bd7 12. h4 dxc3 13. h5 d4 14. h6 0-0-0 15. Qd3 Be8 16. h7 Rh8 17. g4 Qb6 18. Bg2 Na5 19. Be4 Bb5 20. Qf3 Qa6 21. f5 d3 22. Nxc3 dxc2 23. Bxc2 Bd3 24. Ra2 Qc4 25. Bd2 Nec6 26. Qe3 Bxc2 27. Rxc2 Nd4 28. Rb2 Qc6 29. Qe4 Nc4 30. fxe6 fxe6 31. Qxc6+ bxc6 32. Ne4 Nxb2 33. Nd6+ Kd7 34. Bc3 Nd3+ 35. Kd2 Nxe5 36. Nb7 Ndf3+ 37. Ke3 Rdf8 38. Nc5+ Ke7 39. Rb1 Nxg4+ 40. Ke2 e5 41. Rb7+ Kd6 42. Bb4 Kd5 43. Rd7+ Kc4 44. Ne6 Rf6 45. Nd8 Nd4+ 46. Ke1 Nc2+ 47. Kd2 Nxb4 48. axb4 Rf2+ 49. Ke1 Rh2 50. Rg7 Rxd8 51. Rg8 Rxh7 52. Rxd8 Kxb4 53. Rg8 Nf6 54. Rg6 Rf7 55. Ke2 c5 56. Rg1 c4 57. Rb1+ Kc5 58. Kd2 Nd5 59. Re1 Kd4 60. Kc1 Nb4 0-1

[Event "Pardubice Czech op-C 30th"]
[Site "Pardubice"]
[Date "2019.07.20"]
[Round "1"]
[White "Ricar Sr, Jiri"]
[Black "Kowalec, Maciej"]
[Result "0-1"]
[WhiteElo "1604"]
[BlackElo "2056"]
[PlyCount "40"]
[EventDate "2019.07.20"]
[EventType "swiss"]
[EventRounds "9"]
[EventCountry "CZE"]
[SourceTitle "EXT 2020"]
[Source "ChessBase"]
[SourceDate "2019.10.17"]
[SourceVersion "1"]
[SourceVersionDate "2019.10.17"]
[SourceQuality "1"]

1. g4 d5 2. Bg2 c6 3. c4 dxc4 4. Nc3 Bxg4 5. Qa4 Be6 6. Nb5 cxb5 7. Qxb5+ Nd7 8. Qxb7 Rb8 9. Qxa7 Qb6 10. Qa4 Ngf6 11. Nh3 Qb5 12. Qa7 Bd5 13. a4 Qb7 14. Qxb7 Rxb7 15. Nf4 Bxg2 16. Nxg2 Nc5 17. 0-0 Nb3 18. Ra2 Nd5 19. Ne3 Nf4 20. Re1 Nxc1 0-1